00415nam a22001457a 450000500170000000800410001704000070005804100120006508200210007710000300009824500530012826000550018130000160023665000170025220241216145759.0241216b ||||| |||| 00| 0 eng d cAL aEnglish 223a348.04bCHAA aTejinder Pal Singh Chawla aAll India Criminal Law Reporter: Vol 115 2017(3) aChandigarhbAll India Criminal Law Reporter c2017 a1039 p.bHB aCriminal law